| 000 | 02364cam a22005895i 4500 | ||
|---|---|---|---|
| 001 | 15552840 | ||
| 003 | US-djbf | ||
| 005 | 20210811111644.0 | ||
| 006 | m d | ||
| 007 | cr cn||||||||| | ||
| 008 | 081211s2009 dcua b i001 0 eng | ||
| 010 | _a2008051568 | ||
| 015 |
_aGBA906825 _2bnb |
||
| 016 | 7 |
_a014884199 _2Uk |
|
| 020 | _a0821377760 | ||
| 020 | _a9780821377765 | ||
| 035 | _a(The World Bank)ocn268787885 | ||
| 040 |
_aDLC _cDLC _dBTCTA _dYDXCP _dUKM _dYDX _dCDX _dCUV _dC#P _dBWX _dCEF _dDLC _beng _erda |
||
| 043 |
_aa-cc--- _aaw----- |
||
| 050 | 0 | 0 |
_aHF1583.3.Z4 _bC459 2009 |
| 050 | 1 | 4 | _aUN9 MG206 2009.S71 .ENG |
| 082 | 0 | 0 |
_a337.56051 _222 |
| 245 | 0 | 0 |
_aStrengthening China's and India's trade and investment ties to the Middle East and North Africa / _c[Miria Pigato]. |
| 264 | 1 |
_aWashington, D.C. : _bWorld Bank, _cc2009. |
|
| 300 |
_axxvii, 187 pages : _bcolor illustrations ; _c26 cm. |
||
| 336 |
_atext _btxt _2rdacontent |
||
| 337 |
_acomputer _bc _2rdamedia |
||
| 338 |
_aonline resource _bcr _2rdacarrier |
||
| 347 |
_adata file _2rda |
||
| 380 | _aBibliography | ||
| 490 | 1 | _aOrientations in development series | |
| 500 | _aReport prepared by a team led by Miria Pigato. | ||
| 500 | _aStatement of responsibility from cover. | ||
| 504 | _aIncludes bibliographical references (p. 169-177) and index. | ||
| 588 | _aDescription based on print version record. | ||
| 651 | 0 |
_aAfrica, North _xCommerce. _916181 |
|
| 651 | 0 |
_aAfrica, North _xForeign economic relations _zChina. _916182 |
|
| 651 | 0 |
_aAfrica, North _xForeign economic relations _zIndia. _916183 |
|
| 651 | 0 |
_aChina _xForeign economic relations _zAfrica, North. _916184 |
|
| 651 | 0 |
_aChina _xForeign economic relations _zMiddle East. _916185 |
|
| 651 | 0 |
_aIndia _xForeign economic relations _zAfrica, North. _916186 |
|
| 651 | 0 |
_aIndia _xForeign economic relations _zMiddle East. _916187 |
|
| 651 | 0 |
_aMiddle East _xCommerce. _916188 |
|
| 651 | 0 |
_aMiddle East _xForeign economic relations _zChina. _916189 |
|
| 651 | 0 |
_aMiddle East _xForeign economic relations _zIndia. _916190 |
|
| 700 | 1 |
_aPigato, Miria. _916191 |
|
| 710 | 2 |
_aWorld Bank. _916192 |
|
| 776 | 0 | 8 |
_aPrint Version: _z9780821377765 |
| 830 | 0 |
_aOrientations in development. _916193 |
|
| 830 | 0 |
_aWorld Bank e-Library. _916194 |
|
| 856 | 4 | 0 | _uhttp://elibrary.worldbank.org/doi/book/10.1596/978-0-8213-7776-5 |
| 999 |
_c3986 _d3986 |
||